Investigation of ground water characteristics in different physiographic region of Kerala (Record no. 5384)

MARC details
000 -LEADER
fixed length control field 00610nam a22001817a 4500
003 - CONTROL NUMBER IDENTIFIER
control field OSt
005 - DATE AND TIME OF LATEST TRANSACTION
control field 20220107122821.0
008 - FIXED-LENGTH DATA ELEMENTS--GENERAL INFORMATION
fixed length control field 161014b xxu||||| |||| 00| 0 eng d
040 ## - CATALOGING SOURCE
Transcribing agency IIITMK
100 ## - MAIN ENTRY--PERSONAL NAME
Personal name Ranjith M P (92314006)
9 (RLIN) 10725
245 ## - TITLE STATEMENT
Title Investigation of ground water characteristics in different physiographic region of Kerala
Statement of responsibility, etc. Ranjith M P
300 ## - PHYSICAL DESCRIPTION
Extent GIS -Major Project
502 ## - DISSERTATION NOTE
Degree type MSGIS
Name of granting institution 2014-16
Year degree granted EXT
-- Prof. Radha Krishnan course cordinator
-- Dr. Dinesan V P ,CWRDM, Kozhikode<br/>
650 ## - SUBJECT ADDED ENTRY--TOPICAL TERM
Topical term or geographic name entry element GIS
9 (RLIN) 10726
650 ## - SUBJECT ADDED ENTRY--TOPICAL TERM
Topical term or geographic name entry element GROUND WATER
9 (RLIN) 10727
650 ## - SUBJECT ADDED ENTRY--TOPICAL TERM
Topical term or geographic name entry element KERALA
9 (RLIN) 10728
942 ## - ADDED ENTRY ELEMENTS (KOHA)
Source of classification or shelving scheme Dewey Decimal Classification
Koha item type
Holdings
Withdrawn status Lost status Source of classification or shelving scheme Damaged status Not for loan Collection code Home library Current library Shelving location Date acquired Total Checkouts Barcode Date last seen Price effective from Koha item type
    Dewey Decimal Classification     Non Fiction IIITM-K Kerala University of Digital Sciences, Innovation and Technology Knowledge Centre   14/10/2016   R-812 14/10/2016 14/10/2016 Project Reports